NFL Champion Defunct Franchises - Statistics

General Stats
  • This quiz has been taken 74 times
  • The average score is 3 of 5
Answer Stats
Year(s) Won Franchise Year Folded % Correct
1920 Akron Pros 1926
69%
1922, 1923 Canton Bulldogs 1926
66%
1926 Frankford Yellow Jackets 1931
55%
1928 Providence Steamrollers 1931
48%
1924 Cleveland Bulldogs 1927
42%
No matching quizzes found
Score Distribution
Percent of People with Each Score
Percentile by Number Answered
Your Score History
You have not taken this quiz